Normal view
MARC view
Entry Término temático
001 - NÚMERO DE CONTROL
- campo de control: 22158
003 - IDENTIFICADOR DEL NÚMERO DE CONTROL
- campo de control: FranzMayer
005 - FECHA Y HORA DE LA ÚLTIMA TRANSACCIÓN
- campo de control: 20190320210445.0
008 - DATOS DE LONGITUD FIJA
- campo de control de longitud fija: 190320|| aca||aabn | a|a d
040 ## - FUENTE DE LA CATALOGACIÓN
- Centro catalogador/agencia de origen: FranzMayer
- Centro/agencia transcriptor: FranzMayer
150 ## - ENCABEZAMIENTO--TÉRMINO DE MATERIA
- Término de materia o nombre geográfico como elemento de entrada: Evangelios
- Subdivisión cronológica: Obras anteriores a 1800
670 ## - FUENTE DE DATOS ENCONTRADOS
- Cita de la fuente: Work cat.: (FranzMayer): Picornell, Juan 22157, Puerta sagrada, que, con la celebérrima exposición del P. Fr. Nicolas de Lira, ofrece libre entrada a las postillas evangelicas, y à la inteligencia de los Sagrados Evangelios con variedad de Assumptos, 1760